000 00999nam a22002537a 4500
005 20240530110503.0
008 150504s2012 ua a g b 000 0 ara d
017 _a2010/21967
_bمصر . دار الكتب المصرية
020 _a9789774950667
040 _aEG-CaGPL
082 0 4 _221
_a372.623\
_bح ك
100 0 _aحسن شحاتة .
245 1 2 _aالكتابة الاقناعية الحجاجية :
_bفكر جديد من النظرية الى التطبيق /
_cتاليف حسن شحاتة .
250 _aط1.
260 _aالقاهرة :
_bدار العالم العربى ،
_c2012.
300 _a518 ص ؛
_c24 سم .
490 _aالسلسلة التربوية المعاصرة .
504 _aيشتمل على ارجاعات ببليوجرافية
650 0 4 _aالكتابة الاقناعية .
650 0 4 _aالخطاب الاقناعى .
650 0 4 _aالكتابة الجدالية .
942 _2ddc
_cBK
999 _c61503
_d61503